000 00491nam a2200169Ia 4500
999 _c30058
_d30058
003 OSt
005 20201130095158.0
008 190216s9999||||xx |||||||||||||| ||und||
040 _coclc
082 _a894.8124
_bPAT/N
100 _aPattanur, Radhakrishnan
_96991
245 0 _aNews Flash /
_cRadhakrishnan Pattanur
260 _bSamayam Publications,
_c2011.
_aKannur:
300 _a151p
650 _aMalayalam
942 _cBK
_2ddc
_h894.8124
_iPAT/N
_k894.8124
_mPAT/N